Elements of petroleum geology /
This Second Edition of Elements of Petroleum Geology is completely updated and revised to reflect the vast changes in the field in the fifteen years since publication of the First Edition. This book is a usefulprimer for geophysicists, geologists, and petroleum engineers in the oil industry who wish...
| Main Author: | |
|---|---|
| Format: | Book |
| Language: | English |
| Published: |
San Diego :
Academic Press,
[1998]
|
| Edition: | 2nd ed. |
| Subjects: | |
| Online Access: | Table of contents Publisher description |
MARC
| Tag | First Indicator | Second Indicator | Subfields |
|---|---|---|---|
| LEADER | 00000cam a2200000 a 4500 | ||
| 001 | in00001403983 | ||
| 005 | 20151020054254.0 | ||
| 008 | 971030s1998 cauab 001 0 eng | ||
| 010 | |a 97074392 | ||
| 020 | |a 0126363706 | ||
| 020 | |a 9780126363708 | ||
| 040 | |a DLC |c DLC |d UtOrBLW | ||
| 049 | |a TXAM | ||
| 050 | 0 | 0 | |a TN870.5 |b .S425 1998 |
| 082 | 0 | 0 | |a 553.2/82 |2 21 |
| 100 | 1 | |a Selley, Richard C., |d 1939- | |
| 245 | 1 | 0 | |a Elements of petroleum geology / |c Richard C. Selley. |
| 250 | |a 2nd ed. | ||
| 264 | 1 | |a San Diego : |b Academic Press, |c [1998] | |
| 264 | 4 | |c ©1998 | |
| 300 | |a xvi, 470 pages : |b illustrations (some color) , maps ; |c 27 cm. | ||
| 336 | |a text |b txt |2 rdacontent | ||
| 337 | |a unmediated |b n |2 rdamedia | ||
| 338 | |a volume |b nc |2 rdacarrier | ||
| 500 | |a GEOL404; GEOL 404. | ||
| 504 | |a Includes bibliographical references and index. | ||
| 505 | 0 | |a Preface -- Acknowledgments -- Introduction -- The physical and chemical properties of petroleum -- Methods of exploration -- The subsurface environment -- Generation and migration of petroleum -- The reservoir -- Traps and seals -- Sedimentary basins and petroleum systems -- Nonconventional petroleum resources -- Conclusions -- Appendix A : standard units and conversion factors -- Appendix B : glossary -- Index. | |
| 520 | |a This Second Edition of Elements of Petroleum Geology is completely updated and revised to reflect the vast changes in the field in the fifteen years since publication of the First Edition. This book is a usefulprimer for geophysicists, geologists, and petroleum engineers in the oil industry who wish to expand their knowledge beyond their specialized area. It is also an excellent introductory text for a university course in petroleum geoscience. Elements of Petroleum Geology begins with an account of the physical and chemical properties of petroleum, reviewing methods of petroleum exploration and production. These methods include drilling, geophysical exploration techniques, wireline logging, and subsurface geological mapping. After describing the temperatures and pressures of the subsurface environment and the hydrodynamics of connate fluids, Selley examines the generation and migration of petroleum, reservoir rocks and trapping mechanisms, and the habit of petroleum in sedimentary basins. The book contains an account of the composition and formation of tar sands and oil shales, and concludes with a brief review of prospect risk analysis, reserve estimation, and other economic topics. | ||
| 650 | 0 | |a Petroleum |x Geology. | |
| 650 | 0 | |a Natural gas |x Geology. | |
| 856 | 4 | 1 | |3 Table of contents |u http://www.loc.gov/catdir/toc/els032/97074392.html |t 0 |
| 856 | 4 | 2 | |3 Publisher description |u http://www.loc.gov/catdir/description/els032/97074392.html |t 0 |
| 945 | |a PromptCat | ||
| 946 | |a qatar | ||
| 947 | |a Q14800049548 | ||
| 948 | |a c:pk | ||
| 949 | |a updated-2 AC: Qatar |b h |c 2007/1/6 |e rrojas | ||
| 994 | |a 92 |b TXA | ||
| 999 | |a MARS | ||
| 999 | f | f | |s df7c12f8-d749-3ec2-b30f-32a451f5451f |i 1ca4b869-108a-3349-b6e4-9072aa51ca9a |t 0 |
| 952 | f | f | |p 4_hour |a Texas A&M University |b College Station |c Sterling C. Evans Library |d Evans: Media and Reserves (Evans 1st floor) |t 0 |e TN870.5 .S425 1998 |h Library of Congress classification |i unmediated -- volume |m A14838870931 |
| 952 | f | f | |p 4_hour |a Texas A&M University |b College Station |c Sterling C. Evans Library |d Evans: Media and Reserves (Evans 1st floor) |t 0 |e TN870.5 .S425 1998 |h Library of Congress classification |i unmediated -- volume |m A14822389689 |
| 952 | f | f | |p 4_hour |a Texas A&M University |b College Station |c Sterling C. Evans Library |d Evans: Media and Reserves (Evans 1st floor) |t 0 |e TN870.5 .S425 1998 |h Library of Congress classification |i unmediated -- volume |m A14838866518 |
| 998 | f | f | |a TN870.5 .S425 1998 |t 0 |l Evans: Library Stacks |
| 998 | f | f | |a TN870.5 .S425 1998 |t 0 |l Evans: Library Stacks |
| 998 | f | f | |a TN870.5 .S425 1998 |t 0 |l Evans: Library Stacks |